| 000 | 00376cam a22001097a 4500 | ||
|---|---|---|---|
| 008 | 180718b xxu||||| |||| 00| 0 eng d | ||
| 082 | _aT000x5442 66/1966-68d | ||
| 245 |
_aDetailed estimates of the state five year plan schemes for the year 1966-68 _cby Government Of India |
||
| 260 |
_aBombay _bThe Government Press _c |
||
| 300 | _a475p. | ||
| 700 | _aMaharastra. Government Of India | ||
| 999 |
_c497001 _d497001 |
||